[Event "21st Panam-ch"]
[Site "Mar del Plata ARG"]
[Date "2012.10.20"]
[Round "10.29"]
[White "Fulgenzi, Ernesto"]
[Black "Mellano, Santiago"]
[Result "1-0"]
[WhiteElo "2344"]
[BlackElo "2242"]
[EventDate "2012.10.12"]
[PlyCount "105"]

1.e4 e6 2.d4 d5 3.Nd2 dxe4 4.Nxe4 Bd7 5.Nf3 Bc6 6.Nc3 Bxf3 7.Qxf3 c6 8.Bf4
Nf6 9.O-O-O Nbd7 10.Bc4 Be7 11.Rhe1 O-O 12.Bd3 Re8 13.g4 Nd5 14.Nxd5 cxd5 
15.h4 Qa5 16.Kb1 b5 17.g5 Rac8 18.h5 Rc6 19.Bd2 Qa4 20.c3 Rf8 21.Bc2 Qa6 
22.Qd3 f5 23.gxf6 Nxf6 24.Rg1 b4 25.h6 Rf7 26.Qxa6 Rxa6 27.cxb4 g6 28.Rc1 
Rb6 29.a3 Ne8 30.Be3 Nd6 31.Bd3 Bd8 32.Rc2 Rb8 33.Rgc1 Bb6 34.Rc6 Nf5 35.
Rc8+ Rxc8 36.Rxc8+ Rf8 37.Rxf8+ Kxf8 38.Bxf5 gxf5 39.b5 Bc7 40.b4 f4 41.
Bd2 Kf7 42.a4 Kg6 43.a5 Bb8 44.b6 axb6 45.a6 Kf5 46.f3 b5 47.Kc2 Ba7 48.
Kc3 Bb6 49.Kd3 Kg5 50.Be1 Ba7 51.Ke2 Kxh6 52.Bh4 Bxd4 53.Bf2 1-0

[Event "21st Panam-ch"]
[Site "Mar del Plata ARG"]
[Date "2012.10.20"]
[Round "10.30"]
[White "Zuriel, Marisa"]
[Black "Gemy, Jose Daniel"]
[Result "1-0"]
[WhiteElo "2217"]
[BlackElo "2333"]
[EventDate "2012.10.12"]
[PlyCount "131"]

1.e4 e6 2.d4 d5 3.Nc3 dxe4 4.Nxe4 Bd7 5.Nf3 Bc6 6.Bd3 Nd7 7.O-O Ngf6 8.Ng3
Be7 9.b3 O-O 10.Bb2 Bxf3 11.Qxf3 c6 12.c4 Re8 13.Rfe1 Qa5 14.a3 Rad8 15.b4
Qc7 16.Rad1 Bd6 17.Re2 a5 18.Bc3 axb4 19.axb4 Ra8 20.Bd2 Ra4 21.Bc2 Ra2 
22.Bg5 Rea8 23.Ne4 R8a3 24.Bd3 Rxe2 25.Qxe2 Bxh2+ 26.Kh1 Bf4 27.Bxf6 gxf6 
28.Qg4+ Kf8 29.Qh4 f5 30.Nf6 Nxf6 31.Qxf6 h6 32.Bxf5 Bg5 33.Qh8+ Ke7 34.d5
cxd5 35.cxd5 Qd6 36.Bg4 Bf6 37.Qxh6 exd5 38.Re1+ Kd8 39.Qh7 Ra1 40.Qg8+ 
Kc7 41.Qxf7+ Kb6 42.Rxa1 Bxa1 43.Bf3 Qh6+ 44.Kg1 Qc1+ 45.Kh2 Qc7+ 46.Qxc7+
Kxc7 47.Bxd5 b5 48.f4 Bc3 49.g4 Kd6 50.Ba2 Bxb4 51.Kg3 Be1+ 52.Kf3 Ke7 53.
g5 Kd6 54.Ke4 b4 55.Kf5 Bd2 56.Kg4 Bc1 57.f5 Ke5 58.f6 Be3 59.Kh5 Kf5 60.
Bb1+ Ke6 61.Bc2 Bf4 62.Kg6 Be3 63.f7 Bc5 64.Kg7 Bd4+ 65.Kg8 Bc5 66.g6 1-0

[Event "21st Panam-ch"]
[Site "Mar del Plata ARG"]
[Date "2012.10.20"]
[Round "10.31"]
[White "Tapie Amione, Pablo Adib"]
[Black "Abdalla, Luiz Guilherme Aurelli"]
[Result "0-1"]
[WhiteElo "2240"]
[BlackElo "2316"]
[EventDate "2012.10.12"]
[PlyCount "58"]

1.e4 c5 2.Nf3 e6 3.d4 cxd4 4.Nxd4 Nf6 5.Nc3 d6 6.Be3 Be7 7.g4 d5 8.Bb5+ 
Nbd7 9.exd5 Nxd5 10.Nxd5 exd5 11.Qd2 O-O 12.O-O-O Ne5 13.Nf5 Nxg4 14.Nxe7+
Qxe7 15.Bd4 Bf5 16.Rhg1 f6 17.Bc3 Rfd8 18.Rde1 Qc7 19.Ba5 b6 20.Bb4 Ne5 
21.Rg3 Rac8 22.Ba4 Bg6 23.f4 Nc4 24.Qd4 Nd6 25.Qxd5+ Nf7 26.Qb3 Qxf4+ 27.
Kb1 Bxc2+ 28.Qxc2 Rxc2 29.Bxc2 Qxb4 0-1

[Event "21st Panam-ch"]
[Site "Mar del Plata ARG"]
[Date "2012.10.20"]
[Round "10.32"]
[White "Reis, Renan do Carmo"]
[Black "Caceres Recalde, Fernando"]
[Result "0-1"]
[WhiteElo "2306"]
[BlackElo "2159"]
[EventDate "2012.10.12"]
[PlyCount "82"]

1.e4 c5 2.Nf3 d6 3.d4 cxd4 4.Nxd4 Nf6 5.Nc3 a6 6.Bg5 Nbd7 7.f4 Qc7 8.Qf3 
b5 9.e5 Bb7 10.exd6 Qb6 11.Qe3 e6 12.O-O-O Bxd6 13.f5 e5 14.Ne6 Qxe3+ 15.
Bxe3 Ke7 16.Nxg7 h5 17.Bxb5 axb5 18.Nxb5 Rxa2 19.c4 Bb4 20.Kc2 Nc5 21.Nc3 
Be4+ 22.Nxe4 Ncxe4 23.Ra1 Rxa1 24.Rxa1 Kf8 25.Ra4 Bc5 26.Bxc5+ Nxc5 27.Ra5
Nce4 28.Ne6+ fxe6 29.fxe6 Ke7 30.Rxe5 Rd8 31.b4 Rd2+ 32.Kb3 Rxg2 33.h4 Kd6
34.Ra5 Rg3+ 35.Kb2 Kxe6 36.Ra6+ Ke5 37.b5 Nd6 38.Rc6 Nfe4 39.b6 Kd4 40.c5 
Nc4+ 41.Kc2 Rg2+ 0-1

[Event "21st Panam-ch"]
[Site "Mar del Plata ARG"]
[Date "2012.10.20"]
[Round "10.34"]
[White "Paniagua Chnelik, Sebastian"]
[Black "Estrada Nieto, Julian"]
[Result "1-0"]
[WhiteElo "2204"]
[BlackElo "2310"]
[EventDate "2012.10.12"]
[PlyCount "47"]

1.d4 d5 2.c4 dxc4 3.Nf3 Nf6 4.e3 e6 5.Bxc4 c5 6.O-O a6 7.Bb3 Be7 8.Qe2 Nc6
9.Rd1 Qc7 10.e4 cxd4 11.e5 d3 12.Rxd3 Nxe5 13.Nxe5 Qxc1+ 14.Rd1 Qc7 15.Nc3
Bd6 16.Ba4+ Ke7 17.Ng4 Nxg4 18.Nd5+ Kf8 19.Nxc7 Bxh2+ 20.Kh1 Bxc7 21.Qxg4 
b5 22.Qb4+ Ke8 23.Bxb5+ axb5 24.Qxb5+ 1-0

[Event "21st Panam-ch"]
[Site "Mar del Plata ARG"]
[Date "2012.10.20"]
[Round "10.35"]
[White "Pichot, Alan"]
[Black "Pardo Agudelo, Alejandro"]
[Result "0-1"]
[WhiteElo "2300"]
[BlackElo "2181"]
[EventDate "2012.10.12"]
[PlyCount "44"]

1.e4 c5 2.Nf3 d6 3.d4 cxd4 4.Nxd4 Nf6 5.Nc3 a6 6.h3 e6 7.g4 Be7 8.Bg2 O-O 
9.Be3 Nc6 10.f4 Nd7 11.Qe2 Bh4+ 12.Kf1 Nxd4 13.Bxd4 e5 14.fxe5 Nxe5 15.Rd1
Qf6+ 16.Kg1 Be6 17.Qe3 Rac8 18.b3 Rc6 19.Rf1 Qe7 20.Kh2 b5 21.Rf5 Bxf5 22.
exf5 Nxg4+ 0-1

[Event "21st Panam-ch"]
[Site "Mar del Plata ARG"]
[Date "2012.10.20"]
[Round "10.36"]
[White "Miranda Junior, Roberto Calheiros"]
[Black "Tokman, Ariel"]
[Result "0-1"]
[WhiteElo "2200"]
[BlackElo "2283"]
[EventDate "2012.10.12"]
[PlyCount "122"]

1.e4 e5 2.Nf3 d6 3.d4 Nf6 4.Nc3 Nbd7 5.Bg5 Be7 6.Be2 c6 7.O-O O-O 8.a4 a5 
9.Qd2 Re8 10.Rad1 h6 11.Bh4 Qc7 12.Kh1 Nf8 13.Bg3 Nh5 14.d5 Nxg3+ 15.hxg3 
Qb6 16.b3 Nh7 17.Nh2 Nf6 18.Bc4 Qc5 19.Qd3 Bd7 20.Rde1 Rab8 21.dxc6 bxc6 
22.f4 Bf8 23.Qf3 Rbd8 24.Re2 Bc8 25.Rd1 Bb7 26.Red2 Bc8 27.Rd3 Be6 28.Bxe6
Rxe6 29.f5 Ree8 30.Ng4 Nxg4 31.Qxg4 Be7 32.Qf3 Bg5 33.Qe2 Rd7 34.g4 Red8 
35.Qf3 Rb8 36.g3 Rb4 37.Kg2 Be7 38.Qf2 Qxf2+ 39.Kxf2 Kf8 40.Kf3 Ke8 41.Ne2
Rb8 42.Nc3 Kd8 43.Nb1 Rb4 44.Nd2 Kc7 45.Nc4 Rd8 46.Ke3 Bg5+ 47.Kf3 Be7 48.
Ke3 f6 49.R1d2 Rd7 50.Nxa5 d5 51.Nc4 Bc5+ 52.Kf3 Re7 53.c3 Rxb3 54.Nb2 Ba3
55.Nd1 Re8 56.Ke2 Bc1 57.exd5 Bxd2 58.d6+ Kd7 59.Rxd2 Ra8 60.Nb2 Rxc3 61.
Nd3 Rxa4 0-1

[Event "21st Panam-ch"]
[Site "Mar del Plata ARG"]
[Date "2012.10.20"]
[Round "10.37"]
[White "Arcos Facio, Mateo"]
[Black "Cerda Albornoz, Guillermo"]
[Result "1-0"]
[WhiteElo "2174"]
[BlackElo "2267"]
[EventDate "2012.10.12"]
[PlyCount "65"]

1.e4 a6 2.d4 e6 3.Bd3 b5 4.Nf3 Bb7 5.O-O Nf6 6.Nbd2 c5 7.dxc5 Bxc5 8.a4 
Nc6 9.Nb3 Qb6 10.Nxc5 Qxc5 11.Be3 Qh5 12.axb5 axb5 13.Rxa8+ Bxa8 14.Ng5 
Qxd1 15.Rxd1 b4 16.Bc5 h6 17.Nf3 Ng8 18.Ra1 Bb7 19.Ba6 Bxa6 20.Rxa6 f6 21.
Nd4 Nxd4 22.Bxd4 Kf7 23.Ra8 d6 24.Kf1 Rh7 25.Rd8 e5 26.Be3 Ne7 27.Rxd6 Rh8
28.Bc5 Rc8 29.Bxb4 Nc6 30.Bc5 Nd4 31.Bxd4 Ke7 32.Bxe5 Rxc2 33.Bf4 1-0

[Event "21st Panam-ch"]
[Site "Mar del Plata ARG"]
[Date "2012.10.20"]
[Round "10.39"]
[White "Santos, Haroldo Cunha dos"]
[Black "Benedetti, Julio"]
[Result "1-0"]
[WhiteElo "2263"]
[BlackElo "2117"]
[EventDate "2012.10.12"]
[PlyCount "111"]

1.d4 d5 2.Nf3 Nc6 3.h3 e6 4.Bf4 Bd6 5.e3 Nge7 6.Bd3 Ng6 7.Bxg6 hxg6 8.c3 
a5 9.a4 Ne7 10.Qb3 Nf5 11.Nbd2 f6 12.g4 Nh4 13.Nxh4 Rxh4 14.Nf3 Rh8 15.
Qb5+ c6 16.Qd3 g5 17.Bxd6 Qxd6 18.Kd2 Bd7 19.h4 O-O-O 20.hxg5 e5 21.Rxh8 
Rxh8 22.Qg6 Qe7 23.gxf6 gxf6 24.g5 exd4 25.exd4 fxg5 26.Ne5 Rh2 27.Ke3 g4 
28.Rg1 Rh7 29.Rg3 Kc7 30.Ke2 Rh3 31.Kf1 Kb6 32.Kg2 Rh4 33.Qf6 Rh7 34.Qxe7 
Rxe7 35.Nxd7+ Rxd7 36.Rxg4 Re7 37.Kf1 Re6 38.f4 Rf6 39.Kg2 c5 40.Kf3 Kc6 
41.Rg5 cxd4 42.cxd4 Re6 43.Re5 Rh6 44.f5 Kd6 45.Kg4 Rh2 46.Re6+ Kc7 47.f6 
Rxb2 48.Kg5 Kd7 49.Re5 Rg2+ 50.Kf5 Kd6 51.f7 Kd7 52.Kf6 Rf2+ 53.Kg6 Rg2+ 
54.Rg5 Rxg5+ 55.Kxg5 Ke7 56.Kg6 1-0

[Event "21st Panam-ch"]
[Site "Mar del Plata ARG"]
[Date "2012.10.20"]
[Round "10.40"]
[White "Perez Gormaz, Matias"]
[Black "Postolski, Javier"]
[Result "1-0"]
[WhiteElo "2261"]
[BlackElo "2006"]
[EventDate "2012.10.12"]
[PlyCount "97"]

1.e4 c5 2.Nf3 d6 3.Bc4 Nf6 4.e5 dxe5 5.Nxe5 e6 6.Qe2 Be7 7.O-O O-O 8.Re1 
Nc6 9.Nxc6 bxc6 10.Nc3 Nd5 11.d3 Nxc3 12.bxc3 Bf6 13.Bd2 Qd6 14.Rab1 Rb8 
15.Rb3 Rb6 16.Reb1 Bd8 17.Bc1 Kh8 18.Ba3 Rxb3 19.axb3 e5 20.Re1 f6 21.d4 
exd4 22.cxd4 Bc7 23.g3 Qxd4 24.Rd1 Qe5 25.Qxe5 Bxe5 26.Bxc5 Bg4 27.f3 Bxf3
28.Rd3 Ra8 29.Rxf3 a5 30.Rd3 h6 31.Bb6 Kh7 32.Rd8 Rxd8 33.Bxd8 Bc3 34.Bf7 
f5 35.Kf1 g5 36.Ke2 Kg7 37.Be8 c5 38.Kd3 Bd4 39.h3 Be5 40.g4 f4 41.Bc6 Kf7
42.Bxa5 Ke6 43.Bc3 Bd6 44.Bg7 Kf7 45.Bb2 Ke6 46.Ke4 Bf8 47.Bd5+ Kd6 48.
Be5+ Kd7 49.Kf5 1-0

[Event "21st Panam-ch"]
[Site "Mar del Plata ARG"]
[Date "2012.10.20"]
[Round "10.42"]
[White "Borja Avila, Raul"]
[Black "Contreras Rodriguez, Henry"]
[Result "0-1"]
[WhiteElo "2140"]
[BlackElo "2220"]
[EventDate "2012.10.12"]
[PlyCount "35"]

1.c4 Nf6 2.Nc3 g6 3.g3 Bg7 4.Bg2 O-O 5.d4 d6 6.Nf3 c6 7.O-O Qa5 8.a3 Qh5 
9.Re1 Bh3 10.Bh1 Nbd7 11.Ng5 e5 12.Nxh3 Qxh3 13.Bg2 Qh5 14.d5 e4 15.Qa4 
Rfd8 16.Qc2 a6 17.a4 b6 18.Bd2 {Ilegible} 0-1

[Event "21st Panam-ch"]
[Site "Mar del Plata ARG"]
[Date "2012.10.20"]
[Round "10.43"]
[White "Fernandez, Maria Florencia"]
[Black "Caceres Vasquez, Sergio"]
[Result "0-1"]
[WhiteElo "2138"]
[BlackElo "2213"]
[EventDate "2012.10.12"]
[PlyCount "132"]

1.d4 d5 2.c4 c6 3.Nf3 Nf6 4.Nc3 a6 5.e3 b5 6.b3 g6 7.Bb2 Bg7 8.h3 O-O 9.
Ne5 e6 10.Qc2 Nfd7 11.Nf3 Bb7 12.Be2 Nf6 13.O-O Nbd7 14.Ne5 Nxe5 15.dxe5 
Nd7 16.f4 Qb6 17.Qd2 Rfd8 18.cxd5 cxd5 19.Bf3 a5 20.Ne2 Rdc8 21.Bd4 Qd8 
22.Nc3 Ba6 23.Rfd1 Nb6 24.Rac1 b4 25.Ne2 Bf8 26.Ng3 Be7 27.Nh1 Rxc1 28.
Rxc1 Rc8 29.Rxc8 Nxc8 30.Qc2 Qd7 31.Nf2 Na7 32.Ng4 Qc6 33.Qd2 Nb5 34.Nf6+ 
Kg7 35.Qf2 Nxd4 36.exd4 Qc1+ 37.Kh2 Bxf6 38.exf6+ Kxf6 39.Qh4+ Kg7 40.f5 
g5 41.f6+ Kxf6 42.Qxh7 Qf4+ 43.Kh1 Qh4 44.Qg8 Bd3 45.Qd8+ Kg7 46.Qxa5 Qxd4
47.Qd8 Qa1+ 48.Kh2 Qe5+ 49.Kg1 Qe3+ 50.Kh2 Bg6 51.Qe7 Qd2 52.a4 bxa3 53.
Qxa3 e5 54.Qe7 Qf4+ 55.Kh1 e4 56.Bg4 d4 57.b4 e3 58.b5 Qf1+ 59.Kh2 Qxb5 
60.h4 gxh4 61.Kh3 Qb6 62.g3 Qf6 63.Qa7 hxg3 64.Kxg3 Qe5+ 65.Kh4 Qh2+ 66.
Bh3 Qf4+ 0-1

[Event "21st Panam-ch"]
[Site "Mar del Plata ARG"]
[Date "2012.10.20"]
[Round "10.44"]
[White "Gascon Del Nogal, Jose Rafael"]
[Black "Lopez Miller, Indalecio"]
[Result "1-0"]
[WhiteElo "2206"]
[BlackElo "1940"]
[EventDate "2012.10.12"]
[PlyCount "79"]

1.e4 c5 2.Nf3 d6 3.d4 cxd4 4.Nxd4 Nf6 5.Nc3 Nc6 6.Bg5 e6 7.Qd2 Be7 8.O-O-O
O-O 9.f3 Nxd4 10.Qxd4 a6 11.Kb1 Qa5 12.Qd2 Rd8 13.Nd5 Qxd2 14.Nxe7+ Kf8 
15.Bxd2 Kxe7 16.Ba5 Rd7 17.Bb6 h6 18.Be2 d5 19.e5 Ng8 20.f4 f6 21.Bh5 Kf8 
22.Rhe1 f5 23.c4 Ne7 24.Bf3 Kf7 25.Bc5 Ng6 26.Bh5 Rc7 27.Bd4 Rxc4 28.Re3 
Bd7 29.Rg3 Be8 30.Bxg6+ Kf8 31.Bxe8 Rxe8 32.Rc3 b5 33.b3 Rxc3 34.Bxc3 Rc8 
35.Bd4 g5 36.Rc1 Rxc1+ 37.Kxc1 Ke7 38.Kd2 Kd7 39.fxg5 hxg5 40.Be3 1-0

[Event "21st Panam-ch"]
[Site "Mar del Plata ARG"]
[Date "2012.10.20"]
[Round "10.46"]
[White "Rioseco Pinochet, Fernan"]
[Black "Monteiro, Marcos Paul de Souza"]
[Result "1-0"]
[WhiteElo "2236"]
[BlackElo "2040"]
[EventDate "2012.10.12"]
[PlyCount "51"]

1.e4 c6 2.d4 d5 3.e5 Bf5 4.Nf3 e6 5.Be2 Nd7 6.O-O c5 7.Be3 c4 8.Ne1 Ne7 9.
f4 Be4 10.Nc3 f5 11.Nxe4 fxe4 12.Bg4 Qb6 13.f5 exf5 14.Bxf5 Nxe5 15.Qe2 
N5g6 16.Bh3 Ng8 17.Bg5 Qxd4+ 18.Kh1 Be7 19.Rd1 Qc5 20.Be6 Bxg5 21.Rxd5 Qe3
22.Bf7+ Ke7 23.Qg4 Nf6 24.Qe6+ Kf8 25.Rd7 Ne5 26.Qe7# 1-0

[Event "21st Panam-ch"]
[Site "Mar del Plata ARG"]
[Date "2012.10.20"]
[Round "10.47"]
[White "Heinecke, Lucas"]
[Black "Bouwman, Marcelo Wanderley"]
[Result "1/2-1/2"]
[WhiteElo "1978"]
[BlackElo "2233"]
[EventDate "2012.10.12"]
[PlyCount "55"]

1.Nf3 g6 2.c4 Bg7 3.g3 e5 4.Nc3 Nc6 5.Bg2 Nge7 6.d3 d5 7.cxd5 Nxd5 8.Nxd5 
Qxd5 9.O-O O-O 10.Be3 Qd8 11.Rc1 Be6 12.a3 h6 13.b4 a6 14.Nd2 Bd5 15.Bxd5 
Qxd5 16.Qb3 Qd7 17.Ne4 Kh7 18.Qc4 Qh3 19.Nc5 Nd8 20.d4 b6 21.Nb3 a5 22.
dxe5 axb4 23.axb4 Ra3 24.Nd4 Bxe5 25.Nb5 Rxe3 26.fxe3 Bxg3 27.hxg3 Qxg3+ 
28.Kh1 1/2-1/2

[Event "21st Panam-ch"]
[Site "Mar del Plata ARG"]
[Date "2012.10.20"]
[Round "10.49"]
[White "Evans, Pablo"]
[Black "Assumpcao, Roberto"]
[Result "0-1"]
[WhiteElo "2017"]
[BlackElo "2218"]
[EventDate "2012.10.12"]
[PlyCount "94"]

1.e4 e5 2.Nf3 Nc6 3.Bc4 Bc5 4.c3 Nf6 5.b4 Bb6 6.d3 d6 7.a4 a5 8.b5 Ne7 9.
Qb3 O-O 10.Bg5 Ng6 11.Nbd2 h6 12.Be3 Bxe3 13.fxe3 c6 14.Qa2 d5 15.exd5 
cxd5 16.Bb3 Qb6 17.Nf1 e4 18.Nd4 exd3 19.Bxd5 Qc5 20.Bf3 Qxc3+ 21.Nd2 Re8 
22.Kf2 Ne5 23.Rhc1 Qb4 24.Rc7 Qd6 25.Rac1 Neg4+ 26.Kf1 Nxe3+ 27.Kg1 Bd7 
28.Bxb7 Qxd4 29.Nf3 Qf4 30.Bxa8 Nc2 31.R1xc2 dxc2 32.Qxc2 Rxa8 33.b6 Qe3+ 
34.Qf2 Qxf2+ 35.Kxf2 Rb8 36.b7 Be6 37.Nd4 Nd5 38.Nxe6 Nxc7 39.Nxc7 Rxb7 
40.Nb5 Re7 41.Nd6 Kf8 42.Nc4 Re4 43.Nxa5 Rxa4 44.Nb7 Ke7 45.Kf3 Rc4 46.Kf2
Kd7 47.Kf3 Kc7 0-1

[Event "21st Panam-ch"]
[Site "Mar del Plata ARG"]
[Date "2012.10.20"]
[Round "10.50"]
[White "Ferro, Ezequiel"]
[Black "Bulgarini Torre, Marco"]
[Result "1/2-1/2"]
[WhiteElo "2214"]
[BlackElo "1977"]
[EventDate "2012.10.12"]
[PlyCount "36"]

1.d4 Nf6 2.c4 e6 3.Nc3 d5 4.Bg5 c5 5.cxd5 cxd4 6.Qa4+ Qd7 7.Qxd4 Nc6 8.Qa4
Nxd5 9.Rd1 Bb4 10.Qc2 Qc7 11.Nf3 O-O 12.e4 Bxc3+ 13.bxc3 Ncb4 14.Qb3 Qxc3+
15.Rd2 Qa1+ 16.Rd1 Qc3+ 17.Rd2 Qa1+ 18.Rd1 Qc3+ 1/2-1/2

[Event "21st Panam-ch"]
[Site "Mar del Plata ARG"]
[Date "2012.10.20"]
[Round "10.51"]
[White "Sampaio, Leonardo de Souza Prallon"]
[Black "Mackeprang, Luis"]
[Result "1/2-1/2"]
[WhiteElo "1976"]
[BlackElo "2145"]
[EventDate "2012.10.12"]
[PlyCount "77"]

1.e4 c5 2.Nf3 d6 3.g3 Nf6 4.d3 g6 5.Bg2 Bg7 6.O-O Nc6 7.Nbd2 O-O 8.a4 h6 
9.c3 d5 10.Re1 Be6 11.Qc2 Rc8 12.Bf1 Qd7 13.b3 Rfd8 14.Ba3 b6 15.Rad1 Nb4 
16.Qb1 dxe4 17.dxe4 Nd3 18.Re3 Nxf2 19.Kxf2 Ng4+ 20.Ke2 Nxe3 21.Kxe3 Bxc3 
22.Ke2 Bg4 23.Bc1 Rc6 24.Qc2 Bb4 25.h3 Bxh3 26.Ne5 Bg4+ 27.Ndf3 Qxd1+ 28.
Qxd1 Rxd1 29.Kxd1 Bxf3+ 30.Nxf3 f6 31.Bc4+ Kg7 32.Ke2 Bc3 33.Kd3 Ba1 34.
Bf4 e5 35.Bd2 Rd6+ 36.Ke2 g5 37.g4 Kg6 38.Nh2 h5 39.Nf1 1/2-1/2

[Event "21st Panam-ch"]
[Site "Mar del Plata ARG"]
[Date "2012.10.20"]
[Round "10.52"]
[White "Pineiro, Dario"]
[Black "Maldonado, Federico"]
[Result "0-1"]
[WhiteElo "2141"]
[BlackElo "1973"]
[EventDate "2012.10.12"]
[PlyCount "108"]

1.d4 Nf6 2.c4 g6 3.g3 Bg7 4.Bg2 O-O 5.Nc3 d6 6.Nf3 Nbd7 7.O-O e5 8.e4 c6 
9.h3 Qb6 10.Re1 Qb4 11.Bf1 a5 12.Na4 d5 13.c5 b5 14.a3 Qxe1 15.Nxe1 bxa4 
16.Qxa4 exd4 17.Qxc6 Rb8 18.exd5 Bb7 19.Qc7 Rfc8 20.Qxa5 Nxc5 21.Bc4 Bxd5 
22.Bxd5 Nxd5 23.Rb1 Nc3 24.Bf4 Rb5 25.Qxb5 Nxb5 26.Rc1 Na7 27.Kf1 Ne6 28.
Rxc8+ Nxc8 29.Bd2 Nc5 30.Ke2 d3+ 31.Nxd3 Nxd3 32.Kxd3 Bxb2 33.a4 Kf8 34.a5
Ke7 35.Kc4 Kd6 36.Kb5 Na7+ 37.Kb6 Bd4+ 38.Kb7 Bxf2 39.a6 Nc6 40.Bf4+ Kd5 
41.g4 f5 42.gxf5 gxf5 43.Kc7 Nb4 44.Kb7 Ke4 45.Bd6 Nxa6 46.Kxa6 f4 47.Kb5 
Be3 48.Kc6 f3 49.Bg3 f2 50.Bxf2 Bxf2 51.Kd6 h5 52.Ke6 Kf4 53.Kf6 h4 54.Kg6
Kg3 0-1

[Event "21st Panam-ch"]
[Site "Mar del Plata ARG"]
[Date "2012.10.20"]
[Round "10.53"]
[White "Fiora, Emilio"]
[Black "Arango, Andres Mauricio"]
[Result "1-0"]
[WhiteElo "1954"]
[BlackElo "2140"]
[EventDate "2012.10.12"]
[PlyCount "65"]

1.d4 d5 2.Nc3 Nf6 3.Bg5 Bf5 4.e3 Nbd7 5.Bd3 g6 6.Nf3 Ne4 7.Bxe4 Bxe4 8.
Nxe4 dxe4 9.Nd2 f5 10.c3 c6 11.Nc4 Nb6 12.Nxb6 Qxb6 13.Qb3 O-O-O 14.Qe6+ 
Rd7 15.O-O-O Bg7 16.h4 c5 17.Qf7 Bf6 18.dxc5 Rxd1+ 19.Rxd1 Qc6 20.Bxf6 
Qxf6 21.Qxf6 exf6 22.c6 bxc6 23.Rd6 Kc7 24.Rxf6 a5 25.h5 Rg8 26.Rf7+ Kb6 
27.Rxh7 gxh5 28.Rxh5 Rxg2 29.Rxf5 a4 30.b3 a3 31.b4 Rg1+ 32.Kc2 Ra1 33.Kb3
1-0

[Event "21st Panam-ch"]
[Site "Mar del Plata ARG"]
[Date "2012.10.20"]
[Round "10.54"]
[White "Ferreira, Kleber Victor"]
[Black "Ayala, Gustavo"]
[Result "1-0"]
[WhiteElo "2121"]
[BlackElo "1955"]
[EventDate "2012.10.12"]
[PlyCount "105"]

1.e4 c5 2.Nc3 e6 3.f4 Nc6 4.Nf3 a6 5.d3 Nge7 6.Be2 d5 7.O-O d4 8.Nb1 g6 9.
Nbd2 Bg7 10.Qe1 O-O 11.a4 Bd7 12.Qh4 Nc8 13.Qg3 Qe7 14.Nc4 Rb8 15.a5 b5 
16.Nce5 f6 17.Nxc6 Bxc6 18.f5 Qd6 19.Qg4 gxf5 20.exf5 e5 21.Nd2 Ne7 22.Ne4
Bxe4 23.Qxe4 Nc6 24.Rf3 Rf7 25.Rh3 Bh8 26.Bh6 Bg7 27.Bd2 Bh8 28.Bh5 Rd7 
29.Rf1 Rbb7 30.Be8 Rdc7 31.Rg3+ Kf8 32.Bh6+ Bg7 33.Rxg7 Kxe8 34.Rg8+ Kd7 
35.Bf8 Ne7 36.Bxe7 Kxe7 37.Rf3 Rd7 38.Qh4 Qd5 39.Rfg3 Qc6 40.R3g7+ Kd6 41.
Qxf6+ Kd5 42.Qg5 c4 43.Rxd7+ Rxd7 44.Rd8 cxd3 45.cxd3 b4 46.Qg8+ Kd6 47.
Qe6+ Kc7 48.Rxd7+ Qxd7 49.Qxd7+ Kxd7 50.Kf2 h5 51.Kf3 Ke7 52.Ke4 Kf6 53.h4
1-0

[Event "21st Panam-ch"]
[Site "Mar del Plata ARG"]
[Date "2012.10.20"]
[Round "10.55"]
[White "Arias, Juan Cruz"]
[Black "San Martin Basualto, Epiro"]
[Result "0-1"]
[WhiteElo "1899"]
[BlackElo "2114"]
[EventDate "2012.10.12"]
[PlyCount "84"]

1.e4 e6 2.Nf3 d5 3.Nc3 Nf6 4.e5 Nfd7 5.d4 c5 6.dxc5 Nc6 7.Bf4 Bxc5 8.Bd3 
f6 9.exf6 Nxf6 10.Qe2 O-O 11.O-O-O a6 12.Ne5 Bd6 13.Rhe1 Qc7 14.h3 Bd7 15.
g4 Nxe5 16.Bxe5 Bxe5 17.Qxe5 Qxe5 18.Rxe5 Ne8 19.Rd2 b5 20.Nd1 Nd6 21.Ne3 
Nf7 22.Rh5 g6 23.Rh4 Ne5 24.Re2 Nf3 25.Rh6 Kg7 26.g5 Rae8 27.Ng4 e5 28.Re3
e4 29.Be2 Nxg5 30.Rh4 h5 31.Ne5 Rxe5 32.f4 exf3 33.Rxe5 fxe2 34.Re7+ Kh6 
35.Kd2 Nf3+ 36.Kxe2 Nxh4 37.Rxd7 Ng2 38.Rd6 Nf4+ 39.Ke3 a5 40.Ra6 a4 41.
Rd6 d4+ 42.Kxd4 Rf5 0-1

[Event "21st Panam-ch"]
[Site "Mar del Plata ARG"]
[Date "2012.10.20"]
[Round "10.56"]
[White "Brizzi, Victor Emmanuel"]
[Black "Vazquez Massaro, Maximiliano"]
[Result "0-1"]
[WhiteElo "1930"]
[BlackElo "2112"]
[EventDate "2012.10.12"]
[PlyCount "61"]

1.e4 e6 2.d3 d5 3.Qe2 Be7 4.Nf3 Nf6 5.g3 b5 6.Bg2 dxe4 7.dxe4 b4 8.Nbd2 
Ba6 9.Nc4 O-O 10.b3 Nc6 11.Bb2 Bc5 12.h4 Qe7 13.O-O e5 14.Rad1 Rad8 15.Rd3
Nd7 16.Rfd1 f6 17.Bh3 Nb6 18.Rxd8 Rxd8 19.Rxd8+ Qxd8 20.Be6+ Kf8 21.Nfd2 
Nd4 22.Bxd4 Qxd4 23.Nf3 Qa1+ 24.Kg2 Ke7 25.Bg8 Qxa2 26.Qd3 Qa1 27.h5 g5 
28.hxg6 hxg6 29.Nh4 Qd4 30.Nxg6+ Ke8 31.Qxd4 {Tiempo} 0-1

[Event "21st Panam-ch"]
[Site "Mar del Plata ARG"]
[Date "2012.10.20"]
[Round "10.57"]
[White "Chiari, Arthur Gontijo"]
[Black "Villegas, Franco"]
[Result "0-1"]
[WhiteElo "2098"]
[BlackElo "1852"]
[EventDate "2012.10.12"]
[PlyCount "96"]

1.e4 e6 2.d4 d5 3.Nd2 Nf6 4.e5 Nfd7 5.Bd3 c5 6.c3 Nc6 7.Ngf3 Qb6 8.O-O Be7
9.Re1 O-O 10.Nf1 f6 11.exf6 Nxf6 12.Ng3 Kh8 13.Bb1 cxd4 14.cxd4 Bd7 15.a3 
a5 16.Qd3 Qa6 17.Bd2 Qxd3 18.Bxd3 Bd6 19.Bc3 Rab8 20.Ng5 Rbe8 21.Bb5 Bc7 
22.Rac1 Bf4 23.Bxc6 bxc6 24.Nf3 Bxc1 25.Rxc1 Rb8 26.Ne5 Rfc8 27.Nd3 Rb5 
28.Rc2 Be8 29.Re2 Bg6 30.Nc5 Bf7 31.a4 Rxc5 32.dxc5 Nd7 33.f4 Nxc5 34.f5 
Re8 35.fxe6 Rxe6 36.Rf2 Kg8 37.Nf5 Nxa4 38.Nxg7 Re4 39.Nf5 Nxc3 40.bxc3 
Bg6 41.Nd4 Re1+ 42.Rf1 Rxf1+ 43.Kxf1 c5 44.Nb3 a4 45.Nc1 c4 46.Ke2 a3 47.
Ke3 Kf7 48.Kd4 Ke6 0-1

[Event "21st Panam-ch"]
[Site "Mar del Plata ARG"]
[Date "2012.10.20"]
[Round "10.59"]
[White "Anino, Sergio"]
[Black "Hernandez Amura, Gilberto"]
[Result "0-1"]
[WhiteElo "2226"]
[BlackElo "1851"]
[EventDate "2012.10.12"]
[PlyCount "70"]

1.d4 Nf6 2.c4 c5 3.d5 g6 4.Nc3 Bg7 5.e4 d6 6.Nge2 O-O 7.Ng3 e6 8.Be2 exd5 
9.cxd5 a6 10.a4 Nbd7 11.O-O Rb8 12.f3 h5 13.Bg5 Qc7 14.Qd2 Re8 15.f4 c4 
16.f5 b5 17.axb5 axb5 18.fxg6 fxg6 19.Qc2 Nh7 20.Be3 Nc5 21.e5 Rxe5 22.Bf4
Bf5 23.Qd1 b4 24.Bxe5 Bxe5 25.Nxf5 gxf5 26.Na4 Nxa4 27.Rxa4 Bxb2 28.Qb1 c3
29.Bxh5 Ba3 30.Qxf5 c2 31.Qg6+ Kh8 32.Qg4 Qc5+ 33.Kh1 c1=Q 34.Rxc1 Qxc1+ 
35.Qd1 Rc8 0-1

[Event "21st Panam-ch"]
[Site "Mar del Plata ARG"]
[Date "2012.10.20"]
[Round "10.61"]
[White "Santopietro, Gerardo"]
[Black "Andrade, Roberto Luiz Costa"]
[Result "0-1"]
[WhiteElo "2006"]
[BlackElo "2187"]
[EventDate "2012.10.12"]
[PlyCount "102"]

1.e4 c5 2.Nf3 Nf6 3.Nc3 Nc6 4.Bc4 e6 5.d3 d5 6.exd5 exd5 7.Bb3 Be7 8.h3 
O-O 9.O-O h6 10.Ne2 d4 11.Ng3 Re8 12.Nh4 Bd7 13.Nhf5 Bf8 14.Bf4 Na5 15.Nd6
Bxd6 16.Bxd6 Nxb3 17.axb3 Bxh3 18.Bxc5 Bxg2 19.Kxg2 Qd5+ 20.Qf3 Qxc5 21.
Rfc1 b6 22.c3 a5 23.b4 Qd5 24.Qxd5 Nxd5 25.bxa5 Nf4+ 26.Kf3 Nxd3 27.Rd1 
Nxb2 28.Rxd4 Rxa5 29.Rb1 Na4 30.Rb3 Rc8 31.c4 Kh7 32.Nf1 Rf5+ 33.Kg2 Rc6 
34.Ne3 Rg6+ 35.Rg4 Rxg4+ 36.Nxg4 Rc5 37.Ne3 Rc6 38.Kf1 h5 39.Kg2 g5 40.Kh3
f6 41.Kg2 Nc5 42.Rb4 Nd3 43.Rb3 Ne5 44.Rb4 Kg6 45.Nd5 Rxc4 46.Rxb6 Ng4 47.
f3 Rd4 48.fxg4 Rxd5 49.gxh5+ Kg7 50.Kg3 Rf5 51.Rb8 Rf4 0-1

[Event "21st Panam-ch"]
[Site "Mar del Plata ARG"]
[Date "2012.10.20"]
[Round "10.62"]
[White "Rivas, Lucas"]
[Black "Fiori, Alberto Nicolas"]
[Result "1/2-1/2"]
[WhiteElo "1987"]
[BlackElo "2159"]
[EventDate "2012.10.12"]
[PlyCount "97"]

1.e4 c5 2.Nf3 e6 3.d3 d5 4.Nbd2 Nc6 5.g3 g6 6.Bg2 Bg7 7.O-O Nge7 8.Re1 h6 
9.e5 Qc7 10.Nb3 b6 11.d4 cxd4 12.Nbxd4 a6 13.Nxc6 Nxc6 14.Qe2 a5 15.c3 Ba6
16.Qe3 Rc8 17.h4 h5 18.Qf4 Bd3 19.Be3 Be4 20.Bd4 Bxf3 21.Qxf3 Rb8 22.Qd3 
O-O 23.f4 Ne7 24.Rac1 Rfc8 25.Bf1 Nf5 26.Rcd1 Bf8 27.Kg2 Be7 28.Kh2 Qd8 
29.Bh3 Nh6 30.Bxe6 Kh7 31.Bxf7 Nxf7 32.f5 Qg8 33.f6 Bc5 34.e6 Nh6 35.Qf3 
Rf8 36.f7 Nxf7 37.exf7 Rxf7 38.Qxd5 Bxd4 39.Qxd4 Qf8 40.Rd2 Rbb7 41.Ree2 
Rfd7 42.Qxd7+ Rxd7 43.Rxd7+ Kh6 44.Rde7 Qf1 45.c4 Qf3 46.b3 Qf1 47.R7e3 
Kg7 48.a3 Qc1 49.a4 1/2-1/2